Normal view
MARC view
- Gupta, D C
Entry Personal Name
001 - CONTROL NUMBER
- control field: 5801
003 - CONTROL NUMBER IDENTIFIER
- control field: OSt
005 - DATE AND TIME OF LATEST TRANSACTION
- control field: 20240203145944.0
008 - FIXED-LENGTH DATA ELEMENTS
- fixed length control field: 240203|| aca||aabn | a|a d
040 ## - CATALOGING SOURCE
- Original cataloging agency: OSt
- Transcribing agency: OSt
100 ## - HEADING--PERSONAL NAME
- Personal name: Gupta, D C
670 ## - SOURCE DATA FOUND
- Source citation: Work cat.: (OSt)10024: Dhingra, K C . 5800, Plastic goods manufacturing industries: plastic processing industries / , 1975.
